000 00445pab a2200169 454500
008 180718b2012 xxu||||| |||| 00| 0 eng d
100 _aKaranth, K. Ullas
245 _aA tiger in the drawing room: Can luxury tourism benefit wildlife
260 _c2012
300 _ap.38-43.
362 _a22 Sep
650 _aWild and animals
700 _aKaranth, K. Krithi
773 _aEconomic and Political Weekly
908 _aN
909 _a97933
999 _c97932
_d97932